366 cerita impian

Bibliographic Details
Other Authors: Mohd Kamal Arsyad, Nurul Mardhiah
Format: Book
Published: Kuala Lumpur : Edukid Publication Sdn. Bhd. , 2015
Subjects:

MARC

LEADER 00000cam a2200000 7i4500
001 0000190851
005 20150303.0
020 |a 9789673641703 
090 0 0 |a JF   |b MIC 
245 1 0 |a 366 cerita impian   |c Stephen Michael; penterjemah, Nurul Mardhiah; ilustrator, Mohd Kamal Arsyad 
260 |a Kuala Lumpur :   |b Edukid Publication Sdn. Bhd. ,   |c 2015 
300 |a 211p. :   |b col.,ill. ;   |c 27cm. 
650 0 |a Children's stories, Malay 
700 0 |a Mohd Kamal Arsyad 
700 0 |a Nurul Mardhiah 
999 |a 00304871   |b BUKU   |c PINJAMAN   |e PERPUSTAKAAN KOMUNITI CAW KOTA DAMANSARA 
999 |a 00304872   |b BUKU   |c PINJAMAN   |e PERPUSTAKAAN KOMUNITI CAW KOTA DAMANSARA 
999 |a 00315917   |b BUKU   |c PINJAMAN   |e PERPUSTAKAAN KOMUNITI CAW TAMAN MEDAN 
999 |a 00315918   |b BUKU   |c PINJAMAN   |e PERPUSTAKAAN KOMUNITI CAW TAMAN MEDAN 
999 |a 00315919   |b BUKU   |c PINJAMAN   |e PERPUSTAKAAN KOMUNITI PETALING JAYA 
999 |a 00315920   |b BUKU   |c PINJAMAN   |e PERPUSTAKAAN KOMUNITI PETALING JAYA